| 000 | 00836nam a2200265 c 4500 | ||
|---|---|---|---|
| 001 | a5371687 | ||
| 003 | CO-ViMGA | ||
| 005 | 20230915233137.0 | ||
| 008 | 130702s2013 sp | |||| 000 0 spa | ||
| 020 | _a9788493856984 | ||
| 040 |
_aCO-ViMGA _bspa _cCO-ViMGA |
||
| 041 | 1 | _hita | |
| 082 | 0 | 4 |
_a070.44 _bF25d |
| 100 | 1 |
_aFellini, Federico _d1920-1993 _93832 |
|
| 240 | 1 | 2 |
_aL'arte della visione _lEspañol |
| 245 | 1 | 3 |
_aLa dulce vision : _bconversaciones con Goffredo Fofi y Gianni Volpi _cFederico Fellini ; [de la traduccion, Regina Lp̤ez Muǫz] |
| 260 |
_a[Madrid] _bGallo Nero _c2013 |
||
| 300 |
_a171 p. _c16 cm |
||
| 490 | 0 |
_aPiccola _v8 |
|
| 600 | 1 | 7 |
_aFellini, Federico _d1920-1993 _2embne _93832 |
| 650 | 1 | 4 |
_aEntrevistas _93833 |
| 700 | 1 |
_aFofi, Goffredo _d1937- _93834 |
|
| 700 | 1 |
_aVolpi, Gianni _93835 |
|
| 942 |
_2ddc _cBK |
||
| 999 |
_c35607 _d35607 |
||